Μαθηματικά Οικονομικής Ανάλυσης. (Record no. 5319)
[ view plain ]
| 000 -LEADER | |
|---|---|
| fixed length control field | 01481cam a22002054a 4500 |
| 005 - ΗΜΕΡΟΜΗΝΙΑ ΚΑΙ ΩΡΑ ΤΕΛΕΥΤΑΙΑΣ ΕΝΗΜΕΡΩΣΗΣ | |
| Πεδίο ελέγχου | 20250605164209.0 |
| 008 - FIXED-LENGTH DATA ELEMENTS--GENERAL INFORMATION | |
| Πεδίο ελέγχου σταθερού μήκους | 250528s ||||||||||||||||||||||||d |
| 035 ## - SYSTEM CONTROL NUMBER | |
| System control number | 20182 |
| 020 ## - ISBN | |
| ISBN | 9600210055 |
| 040 ## - ΠΗΓΗ ΚΑΤΑΛΟΓΟΓΡΑΦΗΣΗΣ | |
| Φορέας πρωτότυπης καταλογογράφησης | MC Athens Campus Library |
| Γλώσσα καταλογογράφησης | Ελληνικά, Μοντέρνα (1453-) |
| Modifying agency | MC Athens Campus Library |
| Κανόνες περιγραφικής καταλογογράφησης | AACR2 |
| 245 1# - ΤΙΤΛΟΣ ΚΑΙ ΔΗΛΩΣΗ ΥΠΕΥΘΥΝΟΤΗΤΑΣ | |
| Τίτλος | Μαθηματικά Οικονομικής Ανάλυσης. |
| Number of part/section of a work | Τόμος Α': Β' Έκδοση |
| 250 ## - EDITION STATEMENT | |
| Edition statement | 2η |
| 260 ## - PUBLICATION, DISTRIBUTION, ETC. | |
| Name of publisher, distributor, etc. | Παπαζήση, |
| Date of publication, distribution, etc. | 1994 |
| 300 ## - PHYSICAL DESCRIPTION | |
| Extent | 646 |
| 520 ## - SUMMARY, ETC. | |
| Summary, etc. | Εισαγωγή, Μαθηματικές Έννοιες και Υποδείγματα, Στατιστική Ανάλυση (Ανάλυση Ισορροπίας), Στατιστικά Υποδείγματα, Στοιχεία Γραμμικών Μαθηματικών, Διανυσματικοί Χώροι και Γραμμικοί Μετασχηματισμοί, Συστήματα Γραμμικών Εξισώσεων, Χαρακτηριστικά Μεγέθη Μητρών και Μετασχηματιστών, Γραμμικά Υποδείγματα και Εφαρμογές της Γραμμικής Άλγεβρας, Συγκριτική Στατική Ανάλυση, Παραγωγοί και Διαφορικά, Γεννικές Έννοιες και Εφαρμογές στη Συγκριτική Στατική, Παράρτημα, Βιβλιογραφία, Ευρετήριο Όρων. |
| 700 1# - ΠΡΟΣΘΕΤΗ ΑΝΑΓΡΑΦΗ--ΦΥΣΙΚΟ ΠΡΟΣΩΠΟ | |
| Personal name | Κορκοτσίδης Αναστάσιος Σ |
| 9 (RLIN) | 4696 |
| 942 ## - ADDED ENTRY ELEMENTS (KOHA) | |
| Koha item type | Books |
| Τύπος τεκμηρίου | Βιβλιοθήκη | Τρέχουσα τοποθεσία | Barcode | Αριθμός εισαγωγής | Ημερομηνία απόκτησης | Ταξιθετικό σύμβολο | Αριθμός αντιτύπου | Κατάσταση απόσυρσης | Κατάσταση χαμένου | Κατάσταση κατεστραμμένου | Μη δανεισμός | Σύνολο δανεισμών | Ημερομηνία τελευταίας εμφάνισης | Η τιμή ισχύει από |
|---|---|---|---|---|---|---|---|---|---|---|---|---|---|---|
| Books | MC Athens Campus Library | MC Athens Campus Library | 9780000053183 | 6427 | 05/06/2025 | 330.015/1 KOR V.A | 1 | 05/06/2025 | 05/06/2025 |